OPAC Home

The Trade,Commerce and Shipping of the Empire (Record no. 92267)

MARC details
000 -LEADER
fixed length control field 00487nam a2200181Ia 4500
003 - CONTROL NUMBER IDENTIFIER
control field LK-CoDNM
005 - DATE AND TIME OF LATEST TRANSACTION
control field 20230923101611.0
008 - FIXED-LENGTH DATA ELEMENTS--GENERAL INFORMATION
fixed length control field 010623t1924 xxu||||| |||| 00| 1 eng d
040 ## - CATALOGING SOURCE
Original cataloging agency LK-CoDNM
Modifying agency LK-CoDNM
Description conventions LK-CoDNM
041 ## - LANGUAGE CODE
Language code of text/sound track or separate title English
080 ## - UNIVERSAL DECIMAL CLASSIFICATION NUMBER
Universal Decimal Classification number 12 R9
942 ## - ADDED ENTRY ELEMENTS (KOHA)
Koha item type Books
100 ## - MAIN ENTRY--PERSONAL NAME
Personal name Campbell,Charles.
700 ## - ADDED ENTRY--PERSONAL NAME
Personal name Kirkaldy,Adam W
Relator term editor
245 ## - TITLE STATEMENT
Title The Trade,Commerce and Shipping of the Empire
260 ## - PUBLICATION, DISTRIBUTION, ETC. (IMPRINT)
Name of publisher, distributor, etc. W.Collins Sons Co
Place of publication, distribution, etc. London
Date of publication, distribution, etc. 1924
300 ## - PHYSICAL DESCRIPTION
Other physical details xxxvii,228p,maps., 22 cm
Holdings
Withdrawn status Lost status Damaged status Not for loan Collection code Permanent Location Current Location Date acquired Full call number Barcode Koha item type
        Old Books Collection Library National Museum Colombo - Sri Lanka Library National Museum Colombo - Sri Lanka 2023-09-23 12 R9 OB 312 Books
Copyright © 2023 Department of National Museum, Colombo 07, Sri Lanka Funded by UNESCO IFAP UNESCO